000 00338nam a2200109Ia 4500
008 220217s9999||||xx |||||||||||||| ||und||
100 _aLehnert Wendy G
_91345
245 0 _aInternet 101 : a beginers guide to internet
260 _aAddision wesley publishing
_bNew Delhi
_c1999
300 _aXXXV,634p
_b216
650 _aCOMPUTER NETWORK
999 _c166244
_d166244